000
00321nam a22001337a 4500
008
170830b xxu||||| |||| 00| 0 eng d
020
_a
9780810867086
041
_a
eng
080
_a
070
100
_a
40
101
_a
MRD
245
_a
ELECTRONIC RECORDS IN THE MANUSCRIPT REPOSITORY
_c
DOW.W.H
942
_2
udc
_c
BK
999
_c
25604
_d
25604